000 00302nam a22001337a 4500
008 171106b xxu||||| |||| 00| 0 eng d
020 _a9780131496026
041 _aeng
080 _212 ED
_a330.722.6
100 _a61
101 _aKON
245 _aCOST ACCOUTING
_cHORNGREN.CH.T
942 _2udc
_cBK
999 _c37746
_d37746